000 01266nam a2200289 4500
001 0000022457
003 CO-CtgCURN
005 20250329164826.0
008 160627s2004 000 0 eng d
020 _a8493133078
040 _aCO-CtgCURN
_bspa
_ccoctgcurn
082 0 _a610.733
_bM65a
100 1 _aMompart García, María Paz.
245 1 0 _aAdministración y gestion /
_cMaría Paz Mompart García , Marta Durán Escribano.
260 _aMadrid :
_bDae,
_c2004.
300 _a426 p.
336 _2rdacontent
337 _2rdamedia
_asin mediacion
_bn
338 _2rdacarrier
_avolumen
_bnc
500 _aIncluye indice Analitico.
505 8 _aConceptos generales sobre Administración y gestion.--Sistema sanitario conceptos y tipos.--Demanda de salud y oferta de los servicios sanitarios.--Los modelos de planificacion.--La organizacion en los servicios de salud en enfermeria.--El proceso de cambio en la organizacion sanitaria.--La gestion enfermera en la organizacion.--El liderazgo y la gestion de los cuidados
650 0 _aEnfermeria de salud comunitaria.
700 1 _aDurán Escribano, Marta.
908 _a160627
942 _cBK
_h610.733
_iM65a
_2ddc
999 _c1643
_d1643
_x1